Methods for testing tar and bitumen: Determination of matter insoluble in benzene (Record no. 73504)

MARC details
000 -LEADER
fixed length control field 00401nam a2200145Ia 4500
245 #0 - TITLE STATEMENT
Title Methods for testing tar and bitumen: Determination of matter insoluble in benzene
260 ## - PUBLICATION, DISTRIBUTION, ETC. (IMPRINT)
Year of publication 1958
500 ## - GENERAL NOTE
General note Standard number: IS 1214
650 ## - SUBJECT ADDED ENTRY--TOPICAL TERM
Topical Term Benzene
650 ## - SUBJECT ADDED ENTRY--TOPICAL TERM
Topical Term Bituminous materials
650 ## - SUBJECT ADDED ENTRY--TOPICAL TERM
Topical Term Insoluble matter
650 ## - SUBJECT ADDED ENTRY--TOPICAL TERM
Topical Term Tar
942 ## - ADDED ENTRY ELEMENTS (KOHA)
Koha item type Standards
Holdings
Withdrawn status Lost status Damaged status Not for loan Collection code Home library Current library Date acquired Koha item type
      Standards Indian standards RRII Library RRII Library 31/12/2021 Standards